[Event "BCF-chT3S 1819 (4NCL) Demotion pool"]
[Site "England"]
[Date "2019.05.04"]
[Round "9.71"]
[White "Fulton, Anthony R"]
[Black "Davison, Chris"]
[Result "0-1"]
[WhiteElo "1974"]
[BlackElo "2048"]
[PlyCount "56"]
[EventDate "2019.04.14"]
[EventType "team-tourn"]
[EventRounds "11"]
[EventCountry "ENG"]
[SourceTitle "EXT 2021"]
[Source "ChessBase"]
[SourceDate "2020.10.23"]
[SourceVersion "1"]
[SourceVersionDate "2020.10.23"]
[SourceQuality "1"]
[WhiteTeam "Cambridge University II"]
[BlackTeam "Poisoned Pawns"]
[WhiteTeamCountry "ENG"]
[BlackTeamCountry "ENG"]

1. d4 Nf6 2. c4 g6 3. Nc3 Bg7 4. e4 d6 5. Nf3 0-0 6. Be2 e5 7. d5 a5 8. h3 Na6 9. Be3 Nh5 10. 0-0 Qe8 11. Re1 Bd7 12. Rc1 Nc5 13. b3 b6 14. Qd2 f5 15. exf5 gxf5 16. Ng5 Nf6 17. Bxc5 bxc5 18. Nf3 Nh5 19. Qg5 Nf4 20. Bf1 Rf6 21. Nh4 Qf7 22. Rcd1 Kh8 23. Qg3 Rg8 24. Qf3 Rh6 25. g3 Rxh4 26. gxh4 e4 27. Nxe4 fxe4 28. Rxe4 Nxh3+ 0-1

[Event "BCF-chT4S 1718 (4NCL)"]
[Site "England"]
[Date "2018.03.25"]
[Round "8.91"]
[White "Fulton, Anthony R"]
[Black "Ogunshola, Ben"]
[Result "0-1"]
[WhiteElo "2004"]
[BlackElo "2155"]
[PlyCount "66"]
[EventDate "2017.11.11"]
[EventType "team-swiss"]
[EventRounds "11"]
[EventCountry "ENG"]
[SourceTitle "EXT 2020"]
[Source "ChessBase"]
[SourceDate "2019.10.17"]
[SourceVersion "1"]
[SourceVersionDate "2019.10.17"]
[SourceQuality "1"]
[WhiteTeam "Cambridge University III"]
[BlackTeam "The Pitstop"]
[WhiteTeamCountry "ENG"]
[BlackTeamCountry "ENG"]

1. d4 g6 2. c4 Nf6 3. Nc3 Bg7 4. Nf3 0-0 5. e4 d6 6. Be2 Na6 7. 0-0 e5 8. a3 c6 9. b4 exd4 10. Nxd4 Re8 11. f3 Bd7 12. Bg5 Nc7 13. Qd2 Ne6 14. Nxe6 Rxe6 15. Rad1 a5 16. b5 a4 17. Kh1 Qa5 18. e5 Rxe5 19. Bxf6 Bxf6 20. Qxd6 Re6 21. Qxd7 Bxc3 22. Bd3 Qb6 23. Be4 Bf6 24. bxc6 bxc6 25. Rb1 Qc5 26. Rb7 Be7 27. Rfb1 Qxc4 28. g4 Kg7 29. Bxc6 Rd8 30. Qc7 Rd2 31. Bb5 Qb3 32. Bc6 Qe3 33. Be4 Rxe4 0-1

[Event "Margate Thanet op"]
[Site "Margate"]
[Date "2008.08.17"]
[Round "5"]
[White "Fulton, Anthony R"]
[Black "Lenier, Jude"]
[Result "0-1"]
[WhiteElo "2041"]
[BlackElo "1831"]
[PlyCount "104"]
[EventDate "2008.08.15"]
[EventType "swiss"]
[EventRounds "5"]
[EventCountry "ENG"]
[SourceTitle "EXT 2011"]
[Source "ChessBase"]
[SourceDate "2010.11.26"]
[SourceVersion "1"]
[SourceVersionDate "2010.11.26"]
[SourceQuality "1"]

1. d4 Nf6 2. c4 c5 3. d5 e6 4. Nc3 exd5 5. cxd5 d6 6. e4 g6 7. f4 Bg7 8. Nf3 0-0 9. Be2 Bg4 10. 0-0 Re8 11. Nd2 Bxe2 12. Qxe2 Nbd7 13. Qd3 a6 14. a4 Rb8 15. a5 Qc7 16. Nc4 Ra8 17. Bd2 b5 18. axb6 Nxb6 19. Rae1 Nxc4 20. Qxc4 Qb8 21. Qa2 Qb7 22. h3 Rab8 23. Bc1 Nd7 24. Kh1 Bd4 25. Nd1 Nf6 26. e5 dxe5 27. fxe5 Rxe5 28. Bf4 Rxe1 29. Rxe1 Rd8 30. d6 Ne4 31. Qa5 Rd7 32. Qa4 Nxd6 33. Bxd6 Rxd6 34. Qe8+ Kg7 35. Re7 Qb3 36. Nc3 Bxc3 37. bxc3 Rf6 38. Re3 a5 39. Qe5 Qd1+ 40. Re1 Qd6 41. Qe8 Qg3 42. c4 Qc3 43. Re4 Qb3 44. Qe5 Qd1+ 45. Re1 Qd4 46. Qc7 a4 47. Qa5 Qxc4 48. Qa7 Ra6 49. Qc7 a3 50. Qe5+ Rf6 51. Ra1 Qb4 52. Ra2 Qb1+ 0-1

[Event "Margate Thanet op"]
[Site "Margate"]
[Date "2008.08.17"]
[Round "4"]
[White "Horton, David"]
[Black "Fulton, Anthony R"]
[Result "1-0"]
[WhiteElo "1904"]
[BlackElo "2041"]
[PlyCount "145"]
[EventDate "2008.08.15"]
[EventType "swiss"]
[EventRounds "5"]
[EventCountry "ENG"]
[SourceTitle "EXT 2011"]
[Source "ChessBase"]
[SourceDate "2010.11.26"]
[SourceVersion "1"]
[SourceVersionDate "2010.11.26"]
[SourceQuality "1"]

1. d4 d6 2. Nf3 Bg4 3. e4 Nf6 4. Bd3 c6 5. 0-0 e5 6. c3 Nbd7 7. Nbd2 Be7 8. Re1 0-0 9. Nc4 exd4 10. cxd4 d5 11. Nce5 dxe4 12. Nxg4 exd3 13. Nge5 Nb6 14. a3 Nbd5 15. Qxd3 Qd6 16. Bd2 Bd8 17. b4 Nc7 18. b5 Nxb5 19. Bb4 Qd5 20. Bxf8 Kxf8 21. Nc4 Be7 22. a4 Nd6 23. Nxd6 Bxd6 24. Rab1 b6 25. Rbc1 c5 26. Qc4 Bf4 27. Rc2 cxd4 28. Qxd4 Qxd4 29. Nxd4 Bd6 30. Rc6 Rd8 31. g3 Bc5 32. Nb3 Bb4 33. Rec1 Ne8 34. R6c4 Ba3 35. Re1 g6 36. Nd4 Bc5 37. Nb3 Ba3 38. Re2 h5 39. Nd4 Bc5 40. Nb3 Ba3 41. Rd2 Rxd2 42. Nxd2 Ke7 43. Kg2 Kd7 44. Kf3 Nd6 45. Rc3 Bb4 46. Rd3 Ke7 47. Ke2 Nb7 48. Nb3 a5 49. f4 f5 50. Rd5 Nd6 51. Nd4 Bc5 52. Nc6+ Ke6 53. Rd3 Ne4 54. Nd4+ Ke7 55. Nf3 Bb4 56. Ne5 Nc5 57. Nc6+ Ke6 58. Nxb4 axb4 59. Rd4 Nxa4 60. Rxb4 Nc3+ 61. Kd3 Ne4 62. Rxb6+ Kf7 63. Kd4 Nf2 64. Rb2 Ng4 65. h3 Nf6 66. Ke5 Nd7+ 67. Kd6 Nf8 68. Re2 Kf6 69. h4 Kf7 70. Re7+ Kg8 71. Ra7 Kh8 72. Ke5 Kg8 73. Kf6 1-0

[Event "Civil Service op"]
[Site "London"]
[Date "2005.11.06"]
[Round "5"]
[White "Fulton, Anthony R"]
[Black "Rogers, Timothy"]
[Result "1-0"]
[WhiteElo "1944"]
[BlackElo "1976"]
[PlyCount "77"]
[EventDate "2005.11.05"]
[EventType "swiss"]
[EventRounds "5"]
[EventCountry "ENG"]
[SourceTitle "EXT 2007"]
[Source "ChessBase"]
[SourceDate "2006.11.23"]
[SourceVersion "1"]
[SourceVersionDate "2006.11.23"]
[SourceQuality "1"]

1. Nf3 d5 2. c4 e6 3. g3 Nf6 4. Bg2 Bd7 5. b3 c5 6. Bb2 Bc6 7. Ne5 Bd6 8. Nxc6 Nxc6 9. cxd5 exd5 10. Nc3 Be5 11. d3 Qa5 12. Qd2 0-0 13. 0-0 Rad8 14. Rfd1 c4 15. e3 b5 16. bxc4 dxc4 17. d4 Qa6 18. Qe2 Bb8 19. a3 Rfe8 20. Qf3 Na5 21. Qf5 Nb3 22. Rab1 Bd6 23. Qxb5 Qxb5 24. Nxb5 a6 25. Nc3 h5 26. e4 Bf8 27. e5 Ng4 28. h3 Nh6 29. Ne4 Nf5 30. d5 Bc5 31. Bf1 Rc8 32. Kg2 Bd4 33. Bxd4 Nfxd4 34. Nd6 c3 35. Bd3 Red8 36. Nxc8 Rxc8 37. d6 Nc5 38. Bxa6 Nxa6 39. Rxd4 1-0

[Event "Civil Service op"]
[Site "London"]
[Date "2005.11.05"]
[Round "3"]
[White "Khoo, Selina"]
[Black "Fulton, Anthony R"]
[Result "0-1"]
[WhiteElo "1824"]
[BlackElo "1944"]
[PlyCount "86"]
[EventDate "2005.11.05"]
[EventType "swiss"]
[EventRounds "5"]
[EventCountry "ENG"]
[SourceTitle "EXT 2007"]
[Source "ChessBase"]
[SourceDate "2006.11.23"]
[SourceVersion "1"]
[SourceVersionDate "2006.11.23"]
[SourceQuality "1"]

1. e4 d6 2. d4 Nf6 3. Nc3 c6 4. Be2 Nbd7 5. Nf3 e5 6. 0-0 Qc7 7. Re1 Be7 8. Bg5 0-0 9. Qd2 Re8 10. a3 b6 11. Bc4 Bf8 12. Rad1 h6 13. Bh4 Bb7 14. Ba2 a5 15. Bg3 Nh5 16. Nh4 Nxg3 17. fxg3 exd4 18. Qxd4 Ne5 19. Kh1 Rad8 20. Rf1 Bc8 21. Ne2 Be6 22. Bxe6 Rxe6 23. Nf4 Ree8 24. Nf5 g6 25. Ne3 Bg7 26. Qd2 b5 27. c3 Qb6 28. Rfe1 a4 29. Qc2 Qc5 30. Qe2 Nc4 31. Nxc4 bxc4 32. Qc2 Rb8 33. Re2 Rb3 34. Red2 Be5 35. Ne2 Reb8 36. Qc1 Qa7 37. Nd4 R3b6 38. Rc2 c5 39. Nf3 Bg7 40. Nd2 Qa6 41. Rf1 h5 42. Rf2 Bh6 43. Re2 Qb7 0-1